[Event "L'Echiquier Grenoblois - Maitres 2006"]
[Site "Grenoble"]
[Date "2006.??.??"]
[Round "6.3"]
[White "Foisor, Cristina Adela"]
[Black "Bijaoui, Manuel"]
[Result "1/2-1/2"]
[WhiteElo "2392"]
[BlackElo "2344"]
[PlyCount "141"]

1. d4 Nf6 2. c4 g6 3. Nc3 Bg7 4. g3 O-O 5. Bg2 d6 6. Nf3 Nc6 7. O-O a6 8. Re1
Rb8 9. Rb1 Bf5 10. e4 Bg4 11. Be3 Nd7 12. Ne2 Na5 13. Nd2 Bxe2 14. Qxe2 c5 15.
d5 b5 16. b3 bxc4 17. bxc4 Nb6 18. Qd3 Qd7 19. e5 Bxe5 20. Bh6 Rfe8 21. h4 Qa4
22. h5 Naxc4 23. Nf3 Nd7 24. Bh3 Rxb1 25. Rxb1 Nf8 26. Bf1 Qxa2 27. Rb7 Nb2 28.
Qe2 Bf6 29. Bc1 Qxd5 30. Rxb2 Bxb2 31. Bxb2 Qxh5 32. Qe3 e5 33. Nd2 Qd1 34. Ne4
Rb8 35. Nf6+ Kh8 36. Bxe5 dxe5 37. Qxe5 Rb6 38. Ne8+ f6 39. Qxc5 Qb3 40. Qxf8+
Qg8 41. Qc5 Re6 42. Nc7 Re5 43. Qd6 Qf7 44. Nxa6 h5 45. Nb4 Kg7 46. Nc6 Rd5 47.
Qa3 Rd1 48. Qa7 Qxa7 49. Nxa7 Rd4 50. Nc6 Ra4 51. Be2 h4 52. gxh4 Rxh4 53. Na5
Re4 54. Kf1 f5 55. Nc4 Kf6 56. Bd3 Rd4 57. Ke2 Rd8 58. Ne3 Ke5 59. Bc2 Kd4 60.
Bb3 Ke5 61. Bf7 Kf6 62. Bc4 Ke5 63. Ng2 Rd4 64. Bd3 Ra4 65. Ke3 g5 66. Kd2 Ra2+
67. Ke3 f4+ 68. Kf3 Ra1 69. Bb5 Ra3+ 70. Kg4 Ra2 71. Ne1 1/2-1/2

[Event "L'Echiquier Grenoblois - Maitres 2006"]
[Site "Grenoble"]
[Date "2006.??.??"]
[Round "6.4"]
[White "Vernay, Clovis"]
[Black "Aguettaz, Maxime"]
[Result "1/2-1/2"]
[WhiteElo "2293"]
[BlackElo "2327"]
[PlyCount "82"]

1. d4 g6 2. c4 Bg7 3. g3 Nf6 4. Bg2 d6 5. Nc3 O-O 6. Nf3 c6 7. O-O Qa5 8. h3 e5
9. d5 cxd5 10. cxd5 Nbd7 11. Nd2 b5 12. a4 bxa4 13. Nc4 Qc7 14. Qxa4 Nb6 15.
Nxb6 Qxb6 16. Qa3 a5 17. e4 Nh5 18. Be3 Qd8 19. Na4 f5 20. Nb6 Ra6 21. Nxc8 f4
22. Bd2 Qxc8 23. Rfc1 Qd7 24. Rc3 fxg3 25. fxg3 Qa7+ 26. Be3 Qe7 27. Kh2 Bf6
28. Rf1 Raa8 29. Bh6 Bg7 30. Rxf8+ Bxf8 31. Bd2 a4 32. Rc4 Qa7 33. Qf3 a3 34.
bxa3 Qxa3 35. Rc3 Qa7 36. h4 Qf7 37. Qe2 Ra2 38. Bh3 Nf4 39. gxf4 Qxf4+ 40.
Bxf4 Rxe2+ 41. Kg3 exf4+ 1/2-1/2

[Event "L'Echiquier Grenoblois - Maitres 2006"]
[Site "Grenoble"]
[Date "2006.??.??"]
[Round "6.5"]
[White "Delorme, Axel"]
[Black "Rrhioua, Tarik"]
[Result "0-1"]
[WhiteElo "2252"]
[BlackElo "2330"]
[PlyCount "138"]

1. e4 c5 2. Nf3 Nc6 3. d4 cxd4 4. Nxd4 g6 5. c4 Bg7 6. Be3 Nf6 7. Nc3 d6 8. f3
O-O 9. Qd2 Bd7 10. Be2 Nxd4 11. Bxd4 Bc6 12. O-O Qa5 13. Rfe1 Qh5 14. Be3 Qa5
15. Rab1 Rfc8 16. b4 Qd8 17. a4 a5 18. b5 Be8 19. c5 Rxc5 20. Bxc5 dxc5 21.
Qxd8 Rxd8 22. e5 Nh5 23. Red1 Rb8 24. Nd5 e6 25. Nc7 Bxe5 26. Nxe8 Rxe8 27. b6
Bd4+ 28. Kf1 Nf6 29. Bc4 Kf8 30. Rb5 Ra8 31. Rbb1 Ke7 32. Ke2 Kd6 33. g3 Nd5
34. Bxd5 exd5 35. Kd3 Bf6 36. Rb5 Kc6 37. Re1 Kd6 38. f4 Bg7 39. h4 f5 40. Kc2
h5 41. Kd3 c4+ 42. Kc2 Bd4 43. Re2 Bf6 44. Re1 d4 45. Kd2 d3 46. Rc1 Rc8 47.
Rxa5 Bb2 48. Re1 c3+ 49. Kxd3 c2 50. Ra7 c1=Q 51. Rxc1 Rxc1 52. Rxb7 Rc3+ 53.
Ke2 Rxg3 54. a5 Ra3 55. Ra7 Bd4 56. Ra8 Kc6 57. Rc8+ Kb7 58. Rc7+ Kb8 59. Rc6
Rxa5 60. Rxg6 Kb7 61. Rh6 Bxb6 62. Rxh5 Kc6 63. Rg5 Bd8 64. Rg6+ Kd5 65. h5 Ke4
66. h6 Ra2+ 67. Kf1 Kf3 68. Kg1 Bh4 69. Rc6 Ra1+ 0-1

[Event "L'Echiquier Grenoblois - Maitres 2006"]
[Site "Grenoble"]
[Date "2006.??.??"]
[Round "7.1"]
[White "Rrhioua, Tarik"]
[Black "Rodrigues, Emmanuel"]
[Result "0-1"]
[WhiteElo "2330"]
[BlackElo "2141"]
[PlyCount "92"]

1. Nf3 Nc6 2. b3 e5 3. Bb2 e4 4. Ng1 d5 5. g3 Be6 6. Bg2 Qd7 7. d3 exd3 8. cxd3
O-O-O 9. Nd2 f6 10. Ngf3 Kb8 11. Rc1 Bh3 12. Bxh3 Qxh3 13. a3 h5 14. b4 Bd6 15.
Rxc6 bxc6 16. Qa4 Ne7 17. Nb3 h4 18. Bd4 Kc8 19. Nc5 Bxc5 20. Bxc5 Ng6 21. b5
cxb5 22. Qa6+ Kd7 23. Qxb5+ Ke6 24. Qc6+ Kf7 25. Qxc7+ Rd7 26. Qa5 Re8 27. Qa4
Rb7 28. Bb4 Qg2 29. Rg1 Qxf3 30. Qxe8+ Kxe8 31. exf3 a5 32. gxh4 axb4 33. axb4
Nxh4 34. Rg4 Nxf3+ 35. Ke2 Ne5 36. Rd4 Rb5 37. Ke3 Kf7 38. Rh4 Nc6 39. f4 Rxb4
40. Rh8 Ne7 41. Rd8 Rb2 42. Rh8 Nf5+ 43. Kf3 Rd2 44. Kg4 Nh6+ 45. Kh4 Rxh2+ 46.
Kg3 Rd2 0-1

[Event "L'Echiquier Grenoblois - Maitres 2006"]
[Site "Grenoble"]
[Date "2006.??.??"]
[Round "7.2"]
[White "Aguettaz, Maxime"]
[Black "Delorme, Axel"]
[Result "1/2-1/2"]
[WhiteElo "2327"]
[BlackElo "2252"]
[PlyCount "77"]

1. Nf3 Nf6 2. g3 b6 3. Bg2 Bb7 4. c4 e6 5. O-O Be7 6. b3 O-O 7. Bb2 d5 8. cxd5
exd5 9. d4 Nbd7 10. Nc3 Re8 11. Rc1 a6 12. Ne5 Bf8 13. Nd3 g6 14. Nf4 c6 15.
Re1 Bh6 16. e3 Nf8 17. b4 Ne6 18. Nxe6 Rxe6 19. a4 b5 20. Ra1 Ne4 21. Nxe4 dxe4
22. d5 Qxd5 23. Qxd5 cxd5 24. axb5 axb5 25. Rxa8+ Bxa8 26. Ra1 Bc6 27. Bf1 Bg7
28. Bxg7 Kxg7 29. Ra5 Kf6 30. Bxb5 Bxb5 31. Rxb5 Rd6 32. Kf1 d4 33. exd4 Rxd4
34. Ke2 Rd3 35. Rb6+ Kf5 36. Rb7 Ke6 37. Rb8 h5 38. Re8+ Kf5 39. h4 1/2-1/2

[Event "L'Echiquier Grenoblois - Maitres 2006"]
[Site "Grenoble"]
[Date "2006.??.??"]
[Round "7.3"]
[White "Bijaoui, Manuel"]
[Black "Vernay, Clovis"]
[Result "1/2-1/2"]
[WhiteElo "2344"]
[BlackElo "2293"]
[PlyCount "68"]

1. e4 c5 2. Nf3 d6 3. d4 cxd4 4. Nxd4 Nf6 5. Nc3 e5 6. Bb5+ Nbd7 7. Nf5 a6 8.
Bxd7+ Qxd7 9. Ne3 Qc6 10. Qd3 Be6 11. O-O Rc8 12. f4 b5 13. a4 Qc5 14. axb5
axb5 15. Kh1 b4 16. Ncd5 Nxd5 17. exd5 Bd7 18. Re1 g6 19. Bd2 Bg7 20. Qb3 Rb8
21. fxe5 dxe5 22. Nc4 O-O 23. Nxe5 Bf5 24. Rac1 Qd4 25. Nf3 Qxb2 26. Rb1 Qxc2
27. Qxc2 Bxc2 28. Rxb4 Rxb4 29. Bxb4 Rd8 30. Rc1 Bf5 31. Rd1 Be4 32. d6 Bxf3
33. gxf3 Bf8 34. Kg2 Rd7 1/2-1/2

[Event "L'Echiquier Grenoblois - Maitres 2006"]
[Site "Grenoble"]
[Date "2006.??.??"]
[Round "7.4"]
[White "Asanov, Timur"]
[Black "Foisor, Cristina Adela"]
[Result "1-0"]
[WhiteElo "2381"]
[BlackElo "2392"]
[PlyCount "163"]

1. e4 c6 2. d4 g6 3. Nf3 Bg7 4. Bd3 Na6 5. O-O Nc7 6. h3 d6 7. c3 Nf6 8. e5
dxe5 9. Nxe5 O-O 10. Re1 Be6 11. Nd2 Nd7 12. Nxd7 Qxd7 13. Ne4 b6 14. Ng5 Rad8
15. Nxe6 Nxe6 16. Bc4 Nc7 17. Bg5 Rde8 18. a4 Nd5 19. Qf3 a5 20. Rad1 e6 21.
Bf1 Ra8 22. h4 Ra7 23. g3 b5 24. Ra1 bxa4 25. Qd1 Rb8 26. Bc1 Nb6 27. Bf4 Rc8
28. Qc1 Qd8 29. Be3 Bf8 30. Rd1 Rd7 31. Ba6 Rb8 32. Qc2 Be7 33. Bd3 Qf8 34. h5
Qg7 35. hxg6 hxg6 36. Kg2 f5 37. Qe2 Qf6 38. Rh1 Bf8 39. Bf4 Bd6 40. Bxd6 Rxd6
41. Rh6 Rb7 42. Rah1 Rg7 43. Rh8+ Kf7 44. Rb8 Nd7 45. Ra8 Nb6 46. Ra6 Qd8 47.
Rxa5 Qb8 48. Qe5 Rd8 49. Qe2 Qd6 50. Bc4 Kf6 51. Re1 Re7 52. Ba2 Rb8 53. Qd2
Rh8 54. Rae5 Nd5 55. c4 Nc7 56. d5 cxd5 57. cxd5 Kg7 58. Qc3 Nb5 59. Qc4 Nc7
60. Qxa4 Qb6 61. Qa3 Ree8 62. R1e3 Rh5 63. Qc3 Kh7 64. Qc6 Qxc6 65. dxc6 Kg7
66. b4 Rb8 67. Rxe6 Nxe6 68. Bxe6 Rhh8 69. c7 Rxb4 70. Rc3 f4 71. g4 Kf6 72.
c8=Q Rxc8 73. Bxc8 g5 74. Rc6+ Kg7 75. Bf5 f3+ 76. Kxf3 Rb2 77. Rg6+ Kh8 78.
Rh6+ Kg7 79. Rd6 Kh8 80. Bd3 Rb4 81. Rd5 Ra4 82. Be2 1-0

[Event "L'Echiquier Grenoblois - Maitres 2006"]
[Site "Grenoble"]
[Date "2006.??.??"]
[Round "7.5"]
[White "Olivier, Jean-Christophe"]
[Black "Foisor, Ovidiu Doru"]
[Result "0-1"]
[WhiteElo "2389"]
[BlackElo "2409"]
[PlyCount "92"]

1. e4 e6 2. d4 d5 3. Nc3 Nf6 4. Bg5 dxe4 5. Nxe4 Be7 6. Bxf6 gxf6 7. Nf3 a6 8.
g3 b5 9. Bg2 Bb7 10. Qe2 Nd7 11. a4 Bd5 12. Ned2 Rb8 13. axb5 axb5 14. O-O O-O
15. Rfd1 c5 16. dxc5 Nxc5 17. Nf1 Bxf3 18. Qxf3 Qc7 19. Ne3 f5 20. Qe2 Bf6 21.
c3 b4 22. Qc4 bxc3 23. bxc3 Rb3 24. Rdc1 Rfb8 25. Ra2 Qd6 26. Bf3 Nd3 27. Rf1
Rxc3 28. Qa6 Qxa6 29. Rxa6 Bd4 30. Nd1 Rc2 31. Rd6 Ne5 32. Bh5 Bc5 33. Ra6 Kg7
34. Kg2 Rb3 35. Kg1 Kh6 36. Bxf7 Nxf7 37. Rxe6+ Kg7 38. Kg2 Rd3 39. h4 Rcd2 40.
Rc6 Bd4 41. Rc1 Re2 42. Rb1 Ne5 43. Rc1 Kg6 44. Rb1 Rdd2 45. Rb3 Nd3 46. Kf3
Ne1+ 0-1

[Event "L'Echiquier Grenoblois - Maitres 2006"]
[Site "Grenoble"]
[Date "2006.??.??"]
[Round "8.1"]
[White "Rodrigues, Emmanuel"]
[Black "Foisor, Ovidiu Doru"]
[Result "1/2-1/2"]
[WhiteElo "2141"]
[BlackElo "2409"]
[PlyCount "63"]

1. e4 e6 2. Nf3 d5 3. Nc3 Nf6 4. e5 Nfd7 5. d4 c5 6. dxc5 Nc6 7. Bf4 Bxc5 8.
Bd3 f6 9. exf6 Nxf6 10. Qe2 O-O 11. O-O-O Bd7 12. Kb1 Qe7 13. Ne5 Rae8 14. g4
Nxe5 15. Bxe5 Bc6 16. g5 Ne4 17. f4 Nxc3+ 18. bxc3 Rf5 19. Bxf5 exf5 20. Rhe1
Ba3 21. Qd3 Qc5 22. Bd4 Qa5 23. Rxe8+ Bxe8 24. c4 dxc4 25. Qxc4+ Bf7 26. Qc8+
Bf8 27. Bb2 Bxa2+ 28. Kc1 b6 29. h4 Bf7 30. Kb1 Qa2+ 31. Kc1 Qa5 32. Kb1
1/2-1/2

[Event "L'Echiquier Grenoblois - Maitres 2006"]
[Site "Grenoble"]
[Date "2006.??.??"]
[Round "8.2"]
[White "Foisor, Cristina Adela"]
[Black "Olivier, Jean-Christophe"]
[Result "1-0"]
[WhiteElo "2392"]
[BlackElo "2389"]
[PlyCount "107"]

1. Nf3 Nf6 2. g3 b6 3. Bg2 Bb7 4. O-O e6 5. c4 Be7 6. d4 O-O 7. Nc3 Ne4 8. Qc2
Nxc3 9. Qxc3 f5 10. b3 d6 11. Bb2 Qe8 12. Rad1 Nd7 13. d5 Bf6 14. Nd4 Bxd4 15.
Rxd4 e5 16. Rd2 Qh5 17. f4 Rf7 18. e3 Re8 19. Bf3 Qh3 20. Rg2 Nf6 21. Qc2 exf4
22. Bxf6 Rxf6 23. exf4 Rf7 24. Re2 Rfe7 25. Rfe1 Rxe2 26. Rxe2 Kf8 27. Rxe8+
Kxe8 28. Qe2+ Kd8 29. Qe6 Qh6 30. Qxf5 Qf6 31. Qxf6+ gxf6 32. Bg4 b5 33. Kf2
bxc4 34. bxc4 Ba6 35. Be2 Ke7 36. Ke3 f5 37. Kd4 Kf6 38. Bh5 Ke7 39. Kc3 Bb7
40. Kb4 Kd7 41. Bf7 Ke7 42. Bg8 h6 43. Be6 Kf6 44. Bd7 Ba6 45. a4 Kg6 46. a5
Kf6 47. h3 Kg6 48. h4 Kf6 49. h5 Bb7 50. Kb5 a6+ 51. Kb4 Ba8 52. Kc3 Bb7 53.
Kd4 Ba8 54. Bc8 1-0

[Event "L'Echiquier Grenoblois - Maitres 2006"]
[Site "Grenoble"]
[Date "2006.??.??"]
[Round "8.3"]
[White "Vernay, Clovis"]
[Black "Asanov, Timur"]
[Result "1/2-1/2"]
[WhiteElo "2293"]
[BlackElo "2381"]
[PlyCount "59"]

1. d4 d5 2. c4 dxc4 3. Nf3 Nf6 4. e3 e6 5. Bxc4 a6 6. a4 b6 7. Qe2 Bb7 8. Nc3
c5 9. O-O Qc7 10. e4 cxd4 11. Nxd4 Nc6 12. Nxc6 Qxc6 13. Nd5 Be7 14. Nxe7 Qxe4
15. Qxe4 Nxe4 16. Be3 Kxe7 17. b3 b5 18. axb5 axb5 19. Bxb5 Bd5 20. f3 Nd6 21.
Ba4 Rhb8 22. Bc5 Ra6 23. Rfe1 Kf6 24. b4 Rba8 25. Bc2 Rxa1 26. Bd4+ Ke7 27.
Rxa1 Rxa1+ 28. Bxa1 g6 29. Kf2 f6 30. f4 1/2-1/2

[Event "L'Echiquier Grenoblois - Maitres 2006"]
[Site "Grenoble"]
[Date "2006.??.??"]
[Round "8.5"]
[White "Rrhioua, Tarik"]
[Black "Aguettaz, Maxime"]
[Result "1-0"]
[WhiteElo "2330"]
[BlackElo "2327"]
[PlyCount "121"]

1. Nf3 g6 2. d4 Nf6 3. b3 Bg7 4. Bb2 O-O 5. Nbd2 c5 6. e3 cxd4 7. exd4 d5 8.
Be2 Nc6 9. O-O Bf5 10. Nh4 Be6 11. Nhf3 Rc8 12. Re1 Ne4 13. c3 Nd6 14. Nf1 b5
15. Ne3 h6 16. Bd3 Qb6 17. Nc2 b4 18. Nxb4 Nxb4 19. cxb4 Ne4 20. Bxe4 dxe4 21.
Rxe4 Qxb4 22. Ne5 Qb7 23. Re2 Bd5 24. f3 h5 25. Nd3 e6 26. Nc5 Qe7 27. b4 Rfd8
28. Qe1 h4 29. h3 Qg5 30. Qf2 Qh5 31. a4 Ba8 32. Rae1 Rd5 33. Re4 Bf6 34. Rf4
Rf5 35. Rxf5 gxf5 36. d5 Bxb2 37. Qxb2 Bxd5 38. Nd7 Qh8 39. Nf6+ Kf8 40. Qe5
Ba8 41. Rd1 Qh6 42. Nd7+ Kg8 43. Nf6+ Kf8 44. Rd3 Qc1+ 45. Kh2 Qc7 46. Qxc7
Rxc7 47. Rd4 e5 48. Nd7+ Ke7 49. Nxe5 Ke6 50. Nc4 Bd5 51. Ne3 Bb3 52. b5 Rc3
53. Nf1 Rc1 54. Nd2 Bd5 55. Rxh4 Ke5 56. Kg3 Rd1 57. Nc4+ Ke6 58. Ne3 Rd3 59.
Nxd5 Rxd5 60. Rb4 Rd2 61. a5 1-0

[Event "L'Echiquier Grenoblois - Maitres 2006"]
[Site "Grenoble"]
[Date "????.??.??"]
[Round "9.2"]
[White "Bijaoui, Manuel"]
[Black "Rrhioua, Tarik"]
[Result "1-0"]
[WhiteElo "2344"]
[BlackElo "2330"]
[PlyCount "87"]

1. e4 e6 2. d4 d5 3. Nd2 Nf6 4. e5 Nfd7 5. Bd3 c5 6. c3 Nc6 7. Ne2 cxd4 8. cxd4
f6 9. exf6 Nxf6 10. Nf3 Bd6 11. O-O Qc7 12. Nc3 a6 13. Bg5 O-O 14. Re1 Bd7 15.
Bh4 Rae8 16. Rc1 Bf4 17. Bg3 Nh5 18. Bxf4 Qxf4 19. Bf1 Rf6 20. Re3 Ref8 21. g3
Qh6 22. Bg2 g5 23. Rc2 Be8 24. Ne5 Nxe5 25. Rxe5 Ng7 26. Qe1 Bg6 27. Rd2 Bf5
28. Na4 Qh5 29. f3 Bh3 30. Bh1 Rxf3 31. Bxf3 Rxf3 32. Rf2 Rxf2 33. Kxf2 Qg4 34.
Qd2 Nf5 35. Nc5 h6 36. Nxe6 Nd6 37. Qe2 Ne4+ 38. Ke1 Qxe2+ 39. Kxe2 Nf6 40. Nc5
Bc8 41. Re7 b6 42. Nd3 Kf8 43. Rc7 Bg4+ 44. Ke3 1-0

[Event "L'Echiquier Grenoblois - Maitres 2006"]
[Site "Grenoble"]
[Date "????.??.??"]
[Round "9.3"]
[White "Asanov, Timur"]
[Black "Delorme, Axel"]
[Result "*"]
[WhiteElo "2381"]
[BlackElo "2252"]
[PlyCount "47"]

1. c4 c6 2. e4 e5 3. d4 d6 4. d5 Nf6 5. Nc3 g6 6. Bd3 h5 7. Nge2 Bh6 8. Bxh6
Rxh6 9. Qd2 Rh8 10. f4 Nbd7 11. O-O-O Ng4 12. Rdf1 exf4 13. Nxf4 Nge5 14. dxc6
bxc6 15. Be2 Nc5 16. Rd1 Rb8 17. Rhf1 a5 18. Nd3 Ncxd3+ 19. Bxd3 f6 20. Qf2 Rf8
21. c5 dxc5 22. Bc2 Qb6 23. Na4 Qc7 24. Qd2 *

[Event "L'Echiquier Grenoblois - Maitres 2006"]
[Site "Grenoble"]
[Date "????.??.??"]
[Round "9.4"]
[White "Olivier, Jean-Christophe"]
[Black "Vernay, Clovis"]
[Result "1-0"]
[WhiteElo "2389"]
[BlackElo "2293"]
[PlyCount "133"]

1. e4 c5 2. Nf3 d6 3. d4 cxd4 4. Nxd4 Nf6 5. Nc3 e5 6. Bb5+ Nbd7 7. Nf5 a6 8.
Ba4 b5 9. Bb3 Nc5 10. Bg5 Bxf5 11. exf5 Be7 12. Bxf6 Bxf6 13. Bd5 Rc8 14. O-O
O-O 15. Re1 e4 16. Nxe4 Nxe4 17. Rxe4 Bxb2 18. Rb1 Bc3 19. Qd3 Rc5 20. a4 b4
21. Rd1 a5 22. g4 Qf6 23. Bb3 Re5 24. f4 Rxe4 25. Qxe4 h5 26. h3 hxg4 27. hxg4
Qh4 28. Qf3 Re8 29. Kg2 Qe7 30. g5 Kf8 31. Rh1 Qe2+ 32. Qxe2 Rxe2+ 33. Kf3 Re8
34. Rd1 Ke7 35. Rd5 Ra8 36. Rb5 Ra7 37. Ke4 Bd2 38. Rb8 Bc1 39. Bd5 Rc7 40. Rg8
Bb2 41. Ra8 Bc3 42. Bb3 d5+ 43. Kxd5 Bd2 44. Ke4 Rc3 45. Rxa5 Re3+ 46. Kd4 Rf3
47. Ra7+ Kd6 48. Rxf7 Rxf4+ 49. Kd3 Bc3 50. a5 Rf1 51. a6 Kc5 52. a7 Rd1+ 53.
Ke2 Re1+ 54. Kf3 Rf1+ 55. Kg4 Rg1+ 56. Kh5 Rh1+ 57. Kg6 Ra1 58. Rd7 Kc6 59. Be6
b3 60. cxb3 Kb6 61. f6 gxf6 62. gxf6 Rxa7 63. Rxa7 Kxa7 64. f7 Bb4 65. Kg7 Kb8
66. f8=Q+ Bxf8+ 67. Kxf8 1-0

[Event "L'Echiquier Grenoblois - Maitres 2006"]
[Site "Grenoble"]
[Date "????.??.??"]
[Round "9.5"]
[White "Foisor, Ovidiu Doru"]
[Black "Foisor, Cristina Adela"]
[Result "1/2-1/2"]
[WhiteElo "2409"]
[BlackElo "2392"]
[PlyCount "60"]

1. g3 g6 2. Bg2 Bg7 3. c4 c5 4. Nc3 Nc6 5. d3 d6 6. e3 e6 7. Nge2 Nge7 8. O-O
O-O 9. d4 cxd4 10. Nxd4 d5 11. cxd5 Nxd4 12. exd4 Nxd5 13. Nxd5 exd5 14. Be3
Be6 15. Qb3 Qb6 16. Bxd5 Bxd5 17. Qxd5 Rfd8 18. Qb3 Bxd4 19. Bxd4 Rxd4 20. Qxb6
axb6 21. Rfc1 Rd2 22. Rc7 Rxb2 23. Rxb7 Raxa2 24. Rxa2 Rxa2 25. Rxb6 h5 26. h4
Kg7 27. Kg2 Ra3 28. Rc6 Rb3 29. Ra6 Rc3 30. Rb6 Ra3 1/2-1/2

[Event "L'Echiquier Grenoblois - Maitres 2006"]
[Site "Grenoble"]
[Date "2006.??.??"]
[Round "6.1"]
[White "Rodrigues, Emmanuel"]
[Black "Olivier, Jean-Christophe"]
[Result "0-1"]
[WhiteElo "2141"]
[BlackElo "2389"]
[Annotator "ECHECS"]
[PlyCount "70"]
[EventDate "2006.??.??"]

1. e4 c5 2. Nf3 e6 3. d4 cxd4 4. Nxd4 Nc6 5. Nc3 a6 6. Be3 Nf6 7. Bd3 d5 8.
exd5 exd5 9. h3 Bd6 10. O-O O-O 11. Re1 Re8 12. Nf3 h6 13. a3 Bd7 14. Ne2 Qc7
15. Qc1 Ne4 16. c3 Na5 17. Bc2 Nc4 18. Bd4 Re7 19. b3 Na5 20. Nd2 Ng5 21. Nf1
21... Bxh3 $1 22. f4 $1 22... Qd7 $2 (22... Bg4 23. fxg5 Bxe2 24. gxh6 $13) (
22... Rxe2 $1 23. Rxe2 Bxf4 24. Qe1 24... Be6 $13) 23. Nfg3 $2 (23. fxg5 Rae8 (
23... Qg4 24. Neg3 $1 24... Bxg3 25. gxh3 $13) 24. gxh3 Qxh3 25. Qd1 h5 (25...
hxg5 26. Bf2 $18) 26. Bf2 g6 27. Neg3 Rxe1 28. Bxe1 Re5 29. Be4 Rxg5 30. Bg2
$18) 23... Qg4 24. Bf5 $2 (24. fxg5 Bxg3 (24... Rxe2 25. Rxe2 25... Qxg3 $13)
25. gxh3 Qxh3 26. Nxg3 Qxg3+ 27. Kf1 27... Qh3+ $11) 24... Qh4 25. Rb1 $2 (25.
Bxh3 Nxb3 26. Qd1) 25... Rxe2 26. Rxe2 Qxg3 27. Qe3 Qxe3+ 28. Rxe3 Bxf5 29. Rb2
Bxf4 30. Re1 Be4 31. c4 dxc4 32. bxc4 Nxc4 33. Rf2 Bg3 34. Rfe2 Bxe1 35. Rxe1
Nxa3 0-1

[Event "L'Echiquier Grenoblois - Maitres 2006"]
[Site "Grenoble"]
[Date "2006.??.??"]
[Round "9.3"]
[White "Asanov, Timur"]
[Black "Delorme, Axel"]
[Result "1-0"]
[WhiteElo "2381"]
[BlackElo "2252"]
[PlyCount "46"]

1. c4 c6 2. e4 e5 3. d4 d6 4. d5 Nf6 5. Nc3 g6 6. Bd3 h5 7. Nge2 Bh6 8. Bxh6
Rxh6 9. Qd2 Rh8 10. f4 Nbd7 11. O-O-O Ng4 12. Rdf1 exf4 13. Nxf4 Nge5 14. dxc6
bxc6 15. Be2 Nc5 16. Rd1 Ke7 17. Rhf1 a5 18. Nd3 Ncxd3+ 19. Bxd3 f6 20. Qf2 Rf8
21. c5 dxc5 22. Bc2 Qb6 23. Na4 Qa7 1-0

[Event "L'Echiquier Grenoblois - Maitres 2006"]
[Site "Grenoble"]
[Date "2006.??.??"]
[Round "9.3"]
[White "Asanov, Timur"]
[Black "Delorme, Axel"]
[Result "1-0"]
[WhiteElo "2381"]
[BlackElo "2252"]
[PlyCount "63"]
[EventDate "2006.??.??"]

1. c4 c6 2. e4 e5 3. d4 d6 4. d5 Nf6 5. Nc3 g6 6. Bd3 h5 7. Nge2 Bh6 8. Bxh6
Rxh6 9. Qd2 Rh8 10. f4 Nbd7 11. O-O-O Ng4 12. Rdf1 exf4 13. Nxf4 Nge5 14. dxc6
bxc6 15. Be2 Nc5 16. Rd1 Ke7 17. Rhf1 a5 18. Nd3 Ncxd3+ 19. Bxd3 f6 20. Qf2 Rf8
21. c5 dxc5 22. Bc2 Qb6 23. Na4 Qa7 24. Qd2 Qc7 25. Qc3 Be6 26. Qxc5+ Kf7 27.
Rd6 Rad8 28. Rxd8 Rxd8 29. Nc3 Rd6 30. h3 Bc4 31. Re1 Be6 32. Nb5 1-0